Product differentiation and market power in the California gasoline market (Registro nro. 30351)

Detalles MARC
000 -LEADER
fixed length control field 00366 a2200109 4500
001 - CONTROL NUMBER
control field ART_28067
005 - DATE AND TIME OF LATEST TRANSACTION
control field 20260410161951.0
008 - FIXED-LENGTH DATA ELEMENTS--GENERAL INFORMATION
fixed length control field 260409a
100 1# - MAIN ENTRY--PERSONAL NAME
Personal name Coloma, Germán
245 10 - TITLE STATEMENT
Title Product differentiation and market power in the California gasoline market
773 0# - HOST ITEM ENTRY
Title Journal of applied economics
Related parts - Vol. 2, Nº 1 (mayo 1999)
Record control number REV28044

No hay ítems disponibles.